[Event "Arica op 8th"]
[Site "Arica"]
[Date "2022.12.19"]
[Round "6"]
[White "Hoffman, Alejandro"]
[Black "Vergara Barreda, Inaki Imanol"]
[Result "1-0"]
[WhiteElo "2370"]
[BlackElo "1878"]
[PlyCount "85"]
[EventDate "2022.12.16"]
[EventType "swiss"]
[EventRounds "10"]
[EventCountry "CHI"]
[SourceTitle "CBM 212 Extra"]
[Source "ChessBase"]
[SourceDate "2023.03.31"]
[SourceVersion "1"]
[SourceVersionDate "2023.03.31"]
[SourceQuality "1"]

1. d4 Nf6 2. Nf3 g6 3. g3 Bg7 4. Bg2 0-0 5. 0-0 d6 6. Re1 c5 7. e4 Bg4 8. d5 e6 9. h3 Bxf3 10. Bxf3 exd5 11. exd5 Nbd7 12. Nc3 Ne8 13. a4 Ne5 14. Be2 f5 15. f4 Nf7 16. Kg2 a6 17. Bc4 Nc7 18. a5 Qd7 19. Qd3 Kh8 20. Bd2 Nh6 21. Reb1 g5 22. b4 gxf4 23. Bxf4 Nf7 24. bxc5 Ne5 25. Qf1 Nxc4 26. Qxc4 Nb5 27. c6 bxc6 28. dxc6 Qf7 29. Qxf7 Rxf7 30. Nxb5 Bxa1 31. Nxd6 Rc7 32. Rxa1 Rxc6 33. c4 Kg8 34. Rd1 Kf8 35. Rd5 Rb8 36. Rxf5+ Ke7 37. Rf7+ Ke6 38. Rxh7 Rb2+ 39. Kf3 Rc5 40. Rh6+ Kd7 41. Nf7 Rxa5 42. Ne5+ Ke8 43. Rh8+ 1-0